| 000 | 00629nam a22002057a 4500 | ||
|---|---|---|---|
| 005 | 20250519120202.0 | ||
| 010 | _aENG-144971 | ||
| 020 |
_c700.00 _a9788184620849 |
||
| 035 | _aEN-128503 | ||
| 037 | _bDBAD | ||
| 082 |
_a294.5211 _21 |
||
| 100 |
_aNayak, Satyendra V. _981246 |
||
| 245 | 0 | 0 |
_aDevi's Miracles/ _cSatyendra V. Nayak |
| 260 |
_aMumbai _bVakils, Feffer and Simons _c2014 |
||
| 270 |
_aIndustry Manor, Appasaheb Marathe Marg, Prabhadevi, _bMumbai _e400025 |
||
| 300 |
_a326p. : _c24cm(hb) _bill. |
||
| 500 | _aIncludes index | ||
| 650 |
_aReligious _981247 |
||
| 942 |
_2ddc _cEN _mNAY _h294.5211 |
||
| 999 |
_c211320 _d211320 |
||